Library Logo

Jivanumukti - Viveka 1897 / (Record no. 139629)

000 -LEADER
fixed length control field 00462nam a22001697a 4500
003 - CONTROL NUMBER IDENTIFIER
control field BD-DhUL
005 - DATE AND TIME OF LATEST TRANSACTION
control field 20161221113721.0
008 - FIXED-LENGTH DATA ELEMENTS--GENERAL INFORMATION
fixed length control field 161221s1897 ii ||||| |||| 00| 0 eng d
040 ## - CATALOGING SOURCE
Original cataloging agency BD-DhUL
Transcribing agency BD-DhUL
082 ## - DEWEY DECIMAL CLASSIFICATION NUMBER
Classification number 294.5
Item number VIJ
100 10 - MAIN ENTRY--PERSONAL NAME
Personal name Vidyaramy asaraswati, S
245 10 - TITLE STATEMENT
Title Jivanumukti - Viveka 1897 /
Statement of responsibility, etc. S Vidyaramy asaraswati,
260 ## - PUBLICATION, DISTRIBUTION, ETC. (IMPRINT)
Place of publication, distribution, etc. Bombay :
Name of publisher, distributor, etc. Tookaram tatya,
Date of publication, distribution, etc. 1897.
300 ## - PHYSICAL DESCRIPTION
Extent 204 p. ;
Dimensions 21 cm.
650 #4 - SUBJECT ADDED ENTRY--TOPICAL TERM
Topical term or geographic name as entry element Society
942 ## - ADDED ENTRY ELEMENTS (KOHA)
Source of classification or shelving scheme
Koha item type Books
Holdings
Price effective from Date last seen Permanent Location Not for loan Date acquired Source of classification or shelving scheme Koha item type Lost status Withdrawn status Copy number Source of acquisition Collection code Damaged status Shelving location Barcode Current Location Full call number
2016-12-212016-12-21Dhaka University Library 2016-12-21 Books  1purchasedNon Fiction General Stacks61777Dhaka University Library294.5 VIJ
Last Updated on September 15, 2019
© Dhaka University Library. All Rights Reserved|Staff Login